000 01454nab a2200229 i 4500
001 768714001
003 CO-MdFUSB
005 20240731105536.0
008 240731t1987 -us||||| |||| 00| 0 eng d
040 _bspa
_cCO-MdFUSB
_dCO-MdFUSB
041 _aeng
100 _aCogswell, James A.,
_eautor
245 1 _aRelief and development :
_bchallenges to mission today
_c/ James A. Cogswell
520 _aEl autor examina la dinámica de la fe para la misión cristiana con el fin de llenar estos conceptos con ese contenido distintivo que podrá expresar adecuadamente por qué y cómo nos involucramos en la ayuda y el desarrollo como aspectos de la misión. La Iglesia misionera debe tener cuidado de no aceptar, consciente o inconscientemente, opiniones ajenas o contrarias a la misión de ayuda y desarrollo de la Iglesia. De hecho, se necesita reconsiderar la motivación de la fe para la misión cristiana a fin de llenar estos conceptos con un contenido distintivo que exprese más plenamente por qué y cómo participamos en el apoyo y el desarrollo como aspectos de la misión.
546 _aTexto en inglés.
650 0 _aMisiones
_9154
650 7 _aIglesia
_9655
650 7 _aFe
_9531
773 0 _049483
_982882
_oR2710
_tInternational Bulletinof Missionary Research
_w(CO-MdFUSB)768714001
_x0272-6122
_gVolumen 11, (número 2, 1987), páginas: 72 - 76
_qpágina: 72
942 _cANA
945 _aCatherine Arias Álvarez - Practicante SENA
999 _c70637
_d70637